<?xml version="1.0" encoding="UTF-8"?>
<record
    xmlns:xsi="http://www.w3.org/2001/XMLSchema-instance"
    xsi:schemaLocation="http://www.loc.gov/MARC21/slim http://www.loc.gov/standards/marcxml/schema/MARC21slim.xsd"
    xmlns="http://www.loc.gov/MARC21/slim">

  <leader>03240nam a2200433Ii 4500</leader>
  <controlfield tag="001">DIGUAL0083</controlfield>
  <controlfield tag="003">NyNyDIG</controlfield>
  <controlfield tag="006">m     o  d        </controlfield>
  <controlfield tag="007">cr |||||||||||</controlfield>
  <controlfield tag="008">130301s2004    sp ab   ob    001 0 spa d</controlfield>
  <datafield tag="020" ind1=" " ind2=" ">
    <subfield code="z">9788479087821</subfield>
  </datafield>
  <datafield tag="020" ind1=" " ind2=" ">
    <subfield code="z">847908782X</subfield>
  </datafield>
  <datafield tag="035" ind1=" " ind2=" ">
    <subfield code="a">(OCoLC)644160738</subfield>
  </datafield>
  <datafield tag="040" ind1=" " ind2=" ">
    <subfield code="a">DGITA</subfield>
    <subfield code="b">eng</subfield>
    <subfield code="e">pn</subfield>
    <subfield code="c">DGITA</subfield>
  </datafield>
  <datafield tag="050" ind1="1" ind2="4">
    <subfield code="a">BX4705.L7995 eBook</subfield>
  </datafield>
  <datafield tag="100" ind1="1" ind2=" ">
    <subfield code="a">Luengo, Manuel,</subfield>
    <subfield code="d">1735-1816.</subfield>
  </datafield>
  <datafield tag="245" ind1="1" ind2="3">
    <subfield code="a">El retorno de un jesuita desterrado :</subfield>
    <subfield code="b">viaje del P. Luengo desde Bolonia a Nava del Rey (1798) /</subfield>
    <subfield code="c">Manuel Luengo ; Inmaculada Fern&#xE1;ndez Arrillaga (ed.) ; transcripci&#xF3;n documental, Jos&#xE9; Manuel Rodr&#xED;guez Rodr&#xED;guez.</subfield>
  </datafield>
  <datafield tag="264" ind1=" " ind2="1">
    <subfield code="a">San Vicente del Raspeig :</subfield>
    <subfield code="b">Publicaciones de la Universidad de Alicante ;</subfield>
    <subfield code="a">Valladolid :</subfield>
    <subfield code="b">Ayuntamiento de Nava del Rey,</subfield>
    <subfield code="c">2004. </subfield>
  </datafield>
  <datafield tag="300" ind1=" " ind2=" ">
    <subfield code="a">1 online resource (274 pages) :</subfield>
    <subfield code="b">ill., maps.</subfield>
  </datafield>
  <datafield tag="336" ind1=" " ind2=" ">
    <subfield code="a">text</subfield>
    <subfield code="b">txt</subfield>
    <subfield code="2">rdacontent</subfield>
  </datafield>
  <datafield tag="337" ind1=" " ind2=" ">
    <subfield code="a">computer</subfield>
    <subfield code="b">c</subfield>
    <subfield code="2">rdamedia</subfield>
  </datafield>
  <datafield tag="338" ind1=" " ind2=" ">
    <subfield code="a">online resource</subfield>
    <subfield code="b">cr</subfield>
    <subfield code="2">rdacarrier</subfield>
  </datafield>
  <datafield tag="490" ind1="1" ind2=" ">
    <subfield code="a">Monograf&#xED;as / Universidad de Alicante</subfield>
  </datafield>
  <datafield tag="500" ind1=" " ind2=" ">
    <subfield code="a">Transcripci&#xF3;n del Tomo XXXII del "Diario de la expulsi&#xF3;n de los jesu&#xED;tas de los dominios del Rey de Espa&#xF1;a, al principio de sola la Provincia de Castilla la Vieja, despu&#xE9;s m&#xE1;s en general de toda la Compa&#xF1;&#xED;a, aunque siempre con mayor particularidad de la dicha Provincia de Castilla". Original manuscrito que se encuentra custodiado en el Archivo Hist&#xF3;rico de Loyola (A.H.L.) [y del que parecen existir copias en el Archivo de la Provincia can&#xF3;nica de Arag&#xF3;n, en Barcelona, y en la Biblioteca dell'Instituto Storico della Compagnia di Ges&#xFC; en Roma. Esta &#xFA;ltima copia aparece con el t&#xED;tulo Diario sobre el destierro y vicisitudes de la Provincia de  Castilla de la Compa&#xF1;&#xED;a de Jes&#xFA;s... compendiados por el mismo autor].</subfield>
  </datafield>
  <datafield tag="500" ind1=" " ind2=" ">
    <subfield code="a">"En 1767, a&#xF1;o en que fueron expulsados de Espa&#xF1;a los jesu&#xED;tas, el P. Luengo estaba destinado en el Colegio que ten&#xED;a la Compa&#xF1;&#xED;a de Jes&#xFA;s en Santiago, y fue en esta ciudad gallega donde comenz&#xF3; a escribir el Diario, una obra a la que dedicar&#xED;a su vida en el destierro y que configura un total de m&#xE1;s de sesenta vol&#xFA;menes, divididos en cuarenta y nueve a&#xF1;os que abarcan desde 1767 hasta 1815, a&#xF1;o en el que volver&#xED;a a la Espa&#xF1;a de la Restauraci&#xF3;n, en la que morir&#xED;a a la edad de 82 a&#xF1;os. En 1798, a&#xF1;o que aqu&#xED; transcribimos y comentamos, el P. Luengo contaba 64 a&#xF1;os y llevaba m&#xE1;s de 30 viviendo exiliado en la ciudad italiana de Bolonia, lugar que fue el refugio de los jesu&#xED;tas pertenecientes a la Provincia de Castilla en el entonces Estado Pontificio" (p. 12). </subfield>
  </datafield>
  <datafield tag="504" ind1=" " ind2=" ">
    <subfield code="a">Includes bibliographical references and index.</subfield>
  </datafield>
  <datafield tag="600" ind1="1" ind2="0">
    <subfield code="a">Luengo, Manuel,</subfield>
    <subfield code="d">1735-1816</subfield>
    <subfield code="v">Diaries.</subfield>
  </datafield>
  <datafield tag="610" ind1="2" ind2="0">
    <subfield code="a">Jesuits</subfield>
    <subfield code="z">Spain</subfield>
    <subfield code="x">History</subfield>
    <subfield code="y">18th century.</subfield>
  </datafield>
  <datafield tag="610" ind1="2" ind2="0">
    <subfield code="a">Jesuits</subfield>
    <subfield code="x">Travel</subfield>
    <subfield code="z">Italy.</subfield>
  </datafield>
  <datafield tag="655" ind1=" " ind2="0">
    <subfield code="a">Electronic books.</subfield>
  </datafield>
  <datafield tag="700" ind1="1" ind2=" ">
    <subfield code="a">Fern&#xE1;ndez Arrillaga, Inmaculada.</subfield>
  </datafield>
  <datafield tag="700" ind1="1" ind2=" ">
    <subfield code="a">Rodr&#xED;guez Rodr&#xED;guez, Jos&#xE9; Manuel.</subfield>
  </datafield>
  <datafield tag="791" ind1="2" ind2=" ">
    <subfield code="a">Digitalia (Firm),</subfield>
    <subfield code="e">distributor.</subfield>
  </datafield>
  <datafield tag="830" ind1=" " ind2="0">
    <subfield code="a">MG (Universidad de Alicante)</subfield>
  </datafield>
  <datafield tag="793" ind1="0" ind2=" ">
    <subfield code="g">Digitalia eBook Collection:</subfield>
    <subfield code="a">Univ. de Alicante.</subfield>
  </datafield>
  <datafield tag="856" ind1="4" ind2="0">
    <subfield code="3">Digitalia Hisp&#xE1;nica</subfield>
    <subfield code="u">https://www.digitaliapublishing.com/a/791/</subfield>
  </datafield>
  <datafield tag="910" ind1=" " ind2=" ">
    <subfield code="a">Premium Collection: 2007-2012</subfield>
  </datafield>
  <datafield tag="942" ind1=" " ind2=" ">
    <subfield code="c">RAA</subfield>
  </datafield>
  <datafield tag="952" ind1=" " ind2=" ">
    <subfield code="0">0</subfield>
    <subfield code="1">0</subfield>
    <subfield code="4">0</subfield>
    <subfield code="7">0</subfield>
    <subfield code="8">DEH</subfield>
    <subfield code="a">BD-UIN</subfield>
    <subfield code="b">BD-UIN</subfield>
    <subfield code="d">2025-04-25</subfield>
    <subfield code="l">0</subfield>
    <subfield code="r">2025-04-25</subfield>
    <subfield code="w">2025-04-25</subfield>
    <subfield code="y">RAA</subfield>
  </datafield>
  <datafield tag="999" ind1=" " ind2=" ">
    <subfield code="c">229792</subfield>
    <subfield code="d">229792</subfield>
  </datafield>
</record>
